| 000 | 00486cam a2200181ua 4500 | ||
|---|---|---|---|
| 001 | 3449 | ||
| 008 | 111111n ii |||gr||||Z||||||asm | ||
| 040 | _cMAIN | ||
| 082 | _a920 | ||
| 100 | 1 |
_aKonwar, Bhim Kanta, _eEdited., |
|
| 245 | 1 | 1 |
_aEta hamoi aru ajan manuh _ced. by Bhim Kanta Konwar |
| 250 | _a1st. | ||
| 260 |
_aDibrugarh: _bBanalata, _c2000. _aGuwahati: |
||
| 300 |
_a161p: _bill; _c23cm. |
||
| 653 | _aBiography | ||
| 653 | _aBiography of Eta hamoi aru ajan manuh | ||
| 942 | _cBK | ||
| 999 |
_c3292 _d3292 |
||